Vista normal
Vista MARC
Entrada Materia (cronológica)
Número de registros utilizados en: 1
001 - CONTROL NUMBER
- control field: 81498
003 - CONTROL NUMBER IDENTIFIER
- control field: Co-BoUCM
005 - DATE AND TIME OF LATEST TRANSACTION
- control field: 20161101111336.0
008 - FIXED-LENGTH DATA ELEMENTS
- fixed length control field: 161101|| aca||aabn | a|a d
040 ## - CATALOGING SOURCE
- Original cataloging agency: Co-BoUCM
- Transcribing agency: Co-BoUCM
148 ## - HEADING--CHRONOLOGICAL TERM
- Chronological term: Geschichte 1945-1990
670 ## - SOURCE DATA FOUND
- Source citation: Work cat.: (Co-BoUCM)304578: Best, Geoffrey 81497, War and law since 1945, 1994